[Event "Alcorcon Diagonal op 2nd"]
[Site "Alcorcon"]
[Date "2023.12.26"]
[Round "2"]
[White "Bajo Vicente, Alberto"]
[Black "Mansor Habash, Zouheir"]
[Result "1-0"]
[WhiteElo "2026"]
[BlackElo "1670"]
[PlyCount "89"]
[EventDate "2023.12.26"]
[EventType "swiss"]
[EventRounds "9"]
[EventCountry "ESP"]
[SourceTitle "CB01_2024"]
[SourceDate "2024.01.03"]
[SourceVersion "1"]
[SourceVersionDate "2024.01.03"]
[SourceQuality "1"]

1. d4 Nf6 2. Nf3 g6 3. g3 c5 4. d5 Bg7 5. Bg2 0-0 6. 0-0 d6 7. Nc3 Bg4 8. Nd2 Qd7 9. a4 Bh3 10. f3 Bxg2 11. Kxg2 e6 12. Nc4 exd5 13. Nxd5 Qe6 14. Nce3 Na6 15. Nxf6+ Bxf6 16. Nd5 Bg7 17. Ra3 Rae8 18. Re3 Qd7 19. Rd3 Qxa4 20. Nc3 Bxc3 21. Rxc3 Qb5 22. e4 Re6 23. Rd3 Rd8 24. c3 Nb8 25. Rf2 Qc6 26. Bf4 c4 27. Rd5 Na6 28. Rfd2 Nc5 29. R2d4 Nd3 30. Qd2 f6 31. b4 b5 32. h4 Qa6 33. h5 Kf7 34. g4 Nxf4+ 35. Qxf4 Re5 36. Qh6 Kg8 37. hxg6 Re7 38. gxh7+ Rxh7 39. Qg6+ Rg7 40. Qxf6 Rf8 41. Qe6+ Rff7 42. Rxd6 Qa2+ 43. Rd2 Qa1 44. Rd1 Rh7 45. Rxa1 1-0

[Event "ESP-ch U12"]
[Site "Salobrena"]
[Date "2023.07.14"]
[Round "7"]
[White "Mansor Habash, Zouheir"]
[Black "Odriozola Coscolin, Dani"]
[Result "0-1"]
[WhiteElo "1544"]
[BlackElo "1699"]
[PlyCount "80"]
[EventDate "2023.07.10"]
[EventType "swiss"]
[EventRounds "9"]
[EventCountry "ESP"]
[SourceTitle "EXT 2024"]
[Source "ChessBase"]
[SourceDate "2023.10.10"]
[SourceVersion "1"]
[SourceVersionDate "2023.10.10"]
[SourceQuality "1"]

1. e4 c5 2. Nf3 Nc6 3. d4 cxd4 4. Nxd4 g6 5. Nc3 Bg7 6. Nb3 Nf6 7. g4 d6 8. g5 Nd7 9. h4 Nc5 10. Nxc5 dxc5 11. Qxd8+ Kxd8 12. Be3 b6 13. 0-0-0+ Kc7 14. Bg2 Bxc3 15. bxc3 Be6 16. Bf4+ Kb7 17. e5 Rad8 18. Kb2 b5 19. Rb1 Kb6 20. a4 a6 21. Bf1 Na5 22. Kc1 Nc4 23. Be3 Rd7 24. Bd3 Nxe3 25. fxe3 c4 26. Be4 Rhd8 27. h5 Bd5 28. Rh4 Be6 29. Rb4 Rd1+ 30. Kb2 Rg1 31. hxg6 hxg6 32. axb5 axb5 33. Bf3 Rxg5 34. Rd4 Rc8 35. Re4 Rg1 36. Ka2 Ra8+ 37. Kb2 Raa1 38. Bd1 Rgxd1 39. Rxb5+ Kxb5 40. Rxc4 Rdb1# 0-1

[Event "Madrid-ch Previa B"]
[Site "Madrid"]
[Date "2023.02.11"]
[Round "5.18"]
[White "Mansor Habash, Zouheir"]
[Black "De Dompablo Fantova, Juan"]
[Result "1-0"]
[WhiteElo "1372"]
[BlackElo "1664"]
[PlyCount "80"]
[EventDate "2023.02.02"]
[EventType "swiss"]
[EventRounds "9"]
[EventCountry "ESP"]
[SourceTitle "EXT 2024"]
[Source "ChessBase"]
[SourceDate "2023.10.10"]
[SourceVersion "1"]
[SourceVersionDate "2023.10.10"]
[SourceQuality "1"]

1. e4 e5 2. Nf3 Nc6 3. Bc4 Bc5 4. b4 Bb6 5. a4 a6 6. 0-0 Nf6 7. Bd5 d6 8. a5 Ba7 9. Bxc6+ bxc6 10. d4 0-0 11. Bg5 h6 12. dxe5 hxg5 13. exf6 Qxf6 14. Ra3 Bg4 15. Qd2 Rab8 16. Nxg5 c5 17. Rg3 Bh5 18. Qd3 cxb4 19. e5 Qg6 20. Ne4 Qh6 21. Nf6+ Kh8 22. Nxh5 Qxh5 23. Rh3 Qxh3 24. Qxh3+ Kg8 25. e6 fxe6 26. Qxe6+ Kh8 27. Qh3+ Kg8 28. Nd2 Rbe8 29. Nf3 Rf6 30. Qh5 Ref8 31. Ng5 Rh6 32. Qg4 Rhf6 33. Qc4+ Kh8 34. Ne4 Rf4 35. Qxc7 Bb8 36. Qe7 d5 37. Ng5 R4f6 38. Qxb4 Bd6 39. Qg4 Bc5 40. Qh5+ Rh6 1-0

[Event "Collado Villalba op 39th"]
[Site "Collado Villalba"]
[Date "2022.08.26"]
[Round "7"]
[White "Mansor Habash, Zouheir"]
[Black "Garcia Castineira, Ivan"]
[Result "0-1"]
[WhiteElo "1207"]
[BlackElo "1669"]
[PlyCount "101"]
[EventDate "2022.08.20"]
[EventType "swiss"]
[EventRounds "9"]
[EventCountry "ESP"]
[SourceTitle "EXT 2023"]
[Source "ChessBase"]
[SourceDate "2022.10.05"]
[SourceVersion "1"]
[SourceVersionDate "2022.10.05"]
[SourceQuality "1"]

1. e4 c5 2. Nf3 d6 3. d4 cxd4 4. Nxd4 Nf6 5. Nc3 a6 6. Be3 e5 7. Nb3 Be6 8. Nd5 Bxd5 9. exd5 Nbd7 10. f3 Rc8 11. Qd2 Nb6 12. Bxb6 Qxb6 13. 0-0-0 g6 14. Kb1 Bg7 15. Be2 0-0 16. h4 Qc7 17. g4 Nxd5 18. c3 Nf4 19. h5 g5 20. Bd3 h6 21. Bf5 Rcd8 22. Nc1 Rfe8 23. Rhe1 Qc6 24. Re3 d5 25. Nd3 e4 26. Nb4 Qb6 27. fxe4 dxe4 28. Rxe4 Rxd2 29. Rxe8+ Bf8 30. Rxd2 Kg7 31. Nd5 Nxd5 32. Rxd5 Ba3 33. Rd2 Bd6 34. Rde2 a5 35. R8e4 Qc6 36. Rd4 Bc5 37. Rd3 b5 38. Red2 a4 39. Rd7 a3 40. Bg6 Qa8 41. Rxf7+ Kg8 42. Rfd7 Qh1+ 43. Rd1 Qg2 44. Bh7+ Kf8 45. R1d2 Qxg4 46. Bg6 Be7 47. Rf2+ Kg8 48. Kc2 Qxd7 49. Bf7+ Kh8 50. Bg6 axb2 51. Kxb2 0-1

[Event "Collado Villalba op 39th"]
[Site "Collado Villalba"]
[Date "2022.08.25"]
[Round "6"]
[White "Aznar Gonzalez, Monica"]
[Black "Mansor Habash, Zouheir"]
[Result "0-1"]
[WhiteElo "1170"]
[BlackElo "1207"]
[PlyCount "96"]
[EventDate "2022.08.20"]
[EventType "swiss"]
[EventRounds "9"]
[EventCountry "ESP"]
[SourceTitle "EXT 2023"]
[Source "ChessBase"]
[SourceDate "2022.10.05"]
[SourceVersion "1"]
[SourceVersionDate "2022.10.05"]
[SourceQuality "1"]

1. e4 c5 2. Bc4 e6 3. Nf3 Nc6 4. c3 Nf6 5. d3 Be7 6. 0-0 d5 7. exd5 exd5 8. Bb5 Qb6 9. Ba4 Bg4 10. Re1 a6 11. Qe2 Qc7 12. Bxc6+ bxc6 13. Bg5 Qd6 14. Qe5 Qxe5 15. Nxe5 Bd7 16. Nxd7 Kxd7 17. Nd2 h6 18. Bxf6 Bxf6 19. Nf3 Rhe8 20. Rxe8 Rxe8 21. Kf1 Rb8 22. d4 Rxb2 23. a4 cxd4 24. cxd4 c5 25. dxc5 Rxf2+ 26. Kxf2 Bxa1 27. Nd2 Bd4+ 28. Kf3 Bxc5 29. Nb3 Ba7 30. Ke2 Ke6 31. Na5 Bb6 32. Nb3 f5 33. Kd3 f4 34. Nd4+ Bxd4 35. Kxd4 g5 36. Kc5 g4 37. Kb6 f3 38. gxf3 gxf3 39. Kxa6 f2 40. Kb6 f1Q 41. a5 Qf2+ 42. Kb7 Qxh2 43. a6 Qb2+ 44. Ka8 Qc2 45. Kb7 Kd6 46. a7 Qb3+ 47. Kc8 Qb6 48. a8Q Qc7# 0-1